Chypre pour les touristes... - Statistiques

Statistiques générales
  • Ce quiz a été pris 43 fois
  • Le résultat moyen est 13 sur 20
Statistiques - réponses
Question Indice Réponses % Correct
Quelles sont les principales villes touristiques ? N Nicosie
98%
Quelles sont les langues officielles ? Turc
98%
La conduite se fait à droite ou à gauche ? Gauche
95%
Quelles sont les langues officielles ? Grec
95%
Dans la capitale y-a-t-il un décalage horaire avec Paris ? (oui/non) Oui
95%
Quelle est la monnaie ? Euro
93%
Quelle autre langue est répandue ? A Anglais
88%
La vitesse sur autoroute est limitée à {100} km/h
76%
Le suffixe internet est cy
71%
Le taux d'alcoolémie toléré au volant est de {0.5} g/l
64%
Achats à faire 1/ Objets en terre cuite Poterie
60%
Quelles sont les principales villes touristiques ? P Paphos
57%
Quelles sont les principales villes touristiques ? L Limassol
55%
Quelles sont les principales villes touristiques ? L Larnaca
50%
Achats à faire 3/ Objets sculptés en Bois
48%
La religion majoritaire est O Orthodoxie
43%
Achats à faire 2/ Ouvrage délicats en fil Dentelle
40%
Quelles sont les principales villes touristiques ? AN Ayia Napa
36%
On peut y visiter les parcs nationaux de A Akamas
7%
On peut y visiter les parcs nationaux de CG Cavo Greco
5%
Aucun quiz correspondant
Distribution des résultats
% des personnes avec chaque résultat
Percentile par nombre de réponses
Votre historique - résultats
Vous n’avez pas pris ce quiz